[Event "Norway Chess 3rd"]
[Site "Stavanger"]
[Date "2015.06.25"]
[Round "9"]
[White "Hammer, Jon Ludvig"]
[Black "Carlsen, Magnus"]
[Result "1-0"]
[WhiteElo "2677"]
[BlackElo "2876"]
[Annotator "Prathamesh,Sunil Mokal"]
[PlyCount "67"]
[EventDate "2015.06.16"]
[EventType "tourn"]
[EventRounds "9"]
[EventCountry "NOR"]
[EventCategory "22"]
[SourceTitle "CBM 167"]
[Source "ChessBase"]
[SourceDate "2015.07.13"]
[SourceVersion "1"]
[SourceVersionDate "2015.07.13"]
[SourceQuality "1"]

1. d4 d5 2. c4 e6 3. Nf3 a6 $5 {An out of form (and out of luck) Carlsen playing Black against his own second and good friend, Jon Ludwig Hammer in the last round. An unenviable situation for the Champion. It is therefore not a surprise that Carlsen chooses to play something slightly different...} 4. Bg5 f6 $6 {[%csl Re6][%cal Rg8f6,Ga2g8] ...but this is a real surprise. Whatever the engines say, this move would be criticised by any book on openng fundamentals. It weakens the a2-g8, takes away an important square from the g8- and also creates a target on e6.} (4... Be7 {is normal.}) 5. Bd2 dxc4 6. e3 ({RR} 6. a4 c5 7. e3 Nc6 8. Bxc4 cxd4 9. O-O dxe3 10. Bxe3 Qxd1 11. Rxd1 Nge7 {½-½ (11) Giri,A (2772)-Mamedyarov,S (2767) Warsaw 2021}) ({RR} 6. a4 e5 7. dxe5 Nc6 8. e3 Be6 9. Be2 fxe5 10. O-O e4 11. Nd4 Nxd4 12. exd4 Nf6 13. Qc2 Bd6 14. Bxc4 Qe7 15. Qb3 Bxc4 16. Qxc4 O-O-O 17. Nc3 e3 18. Bxe3 Ng4 19. g3 Nxe3 20. fxe3 Qxe3+ {Michalik,P (2562)-Lavrencic,M (2465) Pardubice CZE 2025 ½-½}) 6... Nc6 $146 (6... b5 7. a4 Bb7 8. axb5 axb5 9. Rxa8 Bxa8 10. b3 $14 {[%csl Rb5,Re6,Re8,Rf6][%cal Gf7f6] White will win back the pawn. The weakening move ...f6 will matter sooner or later.}) ({RR} 6... b5 7. a4 Bb7 8. axb5 axb5 9. Rxa8 Bxa8 10. b3 c5 11. dxc5 Bxc5 12. Nc3 Bd5 13. bxc4 Bxc4 14. Bxc4 bxc4 15. Qa4+ Nd7 16. Ne4 Kf7 17. Ba5 Bb6 18. Nd6+ Kf8 19. Bb4 Ne7 20. Nxc4 Bc5 21. O-O {Filip,L (2391)-Gavrilescu,D (2512) Eforie Nord 2022 ½-½ (57)}) ({RR} 6... b5 7. a4 Bb7 8. axb5 axb5 9. Rxa8 Bxa8 10. b3 c5 11. bxc4 b4 12. dxc5 Bxc5 13. Nd4 Bxd4 14. exd4 Qxd4 15. Bxb4 Qe4+ 16. Be2 Qxg2 17. Rf1 Nc6 18. Bd6 Qe4 19. Nc3 Qd4 20. Nb5 Qxd1+ 21. Kxd1 {Barp,A (2369)-Savchenko,B (2573) Chess.com INT 2020 0-1 (32)}) 7. Bxc4 {[%csl Re6]} Bd6 8. e4 (8. Nc3 $5 Nge7 9. O-O O-O 10. Ne4 $14) 8... Nge7 9. O-O O-O 10. Qb3 Kh8 (10... Qd7 11. a4 $14 {[%csl Rc8,Re6,Rg8] White has the space. Black has the weakness and awkwardly placed pieces.}) 11. Bxe6 Bxh2+ 12. Kxh2 (12. Nxh2 $2 Nxd4 $17) 12... Qd6+ 13. Kh1 ({Hammer was probably worried about some intermediate checks that could spoil his calculations somewhere after} 13. Kg1 {[%cal Gc6d4,Gd4f3,Gc6e5,Ge5f3,Gf3g1] but concrete variations do not show anything to worry about, for example} Bxe6 14. d5 Bg8 (14... Nxd5 15. exd5 Bxd5 16. Bf4 $16) 15. Qa3 $14) 13... Bxe6 14. d5 Bg8 (14... Nxd5 15. exd5 Bxd5 16. Bf4 $16) 15. Qa3 $1 {Forcing a pleasant endgame.} Qxa3 16. Nxa3 Na7 (16... Nb8 {[%csl Ra8][%cal Gb8d7,Gc7c6] controls the d7-square and therefore makes ...c6 a viable option to consider. But it holds up the  on a8, giving us the pros and cons.} 17. Bb4 Re8 18. Rac1 c6 19. Rfe1 $14 ({The point of ...b8 is that} 19. d6 {[%csl Rd7][%cal Gb8d7] is a move that Black need not worry about.} Nc8 $15) (19. Nc4 Nc8)) (16... Ne5 $2 17. Nxe5 fxe5 18. f3 $16 {[%csl Rc7,Re5]}) 17. Bb4 Rfe8 18. Rac1 Rac8 (18... c6 $6 19. d6 $14 {[%csl Ra7][%cal Rb8d7]}) (18... Ng6 $5 19. Rxc7 (19. Rfe1 c6 20. Nc4 Nf4 21. d6 (21. Nb6 $2 Rad8 $132) 21... Nd3 $132) 19... Rxe4 20. Bc5 (20. Rxb7 $2 Bxd5 $17) 20... Bxd5 21. Rd1 Bg8 (21... Bxa2 22. Bxa7 Rxa7 23. Rd8+ Bg8 24. Nc4 {[%cal Gc4d6]} h5 (24... h6 25. Nd6 Re7 26. Rcc8 $16) 25. Nd6 $18 {[%cal Gc7c5,Gc5h5,Gc7c8,Gd8g8]}) 22. Bxa7 Rxa7 23. Rd8 $36 {[%csl Ra7,Rg8][%cal Gc7a7,Gc7h7,Gd8a8,Gd8h8]}) 19. Nd4 $1 f5 20. f3 (20. Bxe7 $6 Rxe7 21. exf5 (21. Nxf5 Rxe4 $15) 21... Rd8 $15 {[%csl Rd5]}) 20... fxe4 21. fxe4 $14 {[%csl Rc7,Gd5,Ge4] The central pawns take away a lot of important squares from Black pieces and White has annoying pressure on c7.} Ng6 22. Nf5 $6 (22. Rfe1 $142 {[%csl Gd5,Ge4] maintaining the strong central control.} Nf4 {[%cal Gf4d3]} 23. Nf5 $1 {[%csl Rg7][%cal Gb4c3,Gc3g7]} Nd3 24. Bc3 Bf7 25. Nxg7 Kg8 26. Nxe8 Rxe8 27. Bd4 {[%csl Ra7]} Nxe1 28. Rxe1 $14 {[%csl Ra7,Rc7,Gd5,Ge4]}) 22... Rxe4 23. Bc3 Bxd5 $6 ({On any other day and in any other tournament Carlsen would have found} 23... h6 $142 24. Bxg7+ Kh7 25. Bd4 (25. Bxh6 Bxd5 $132) 25... b6 26. d6 c5 $13) (23... Ne5 $2 24. Rce1 $18) 24. Bxg7+ Kg8 25. Bd4 $1 {[%csl Ra7][%cal Gf5h6,Gd4a7] Carlsen admitted to having missed this move. That is real bad form.} Rxd4 26. Nxd4 Bxa2 27. b3 Rd8 ({Black's best chance was to try and fight after} 27... c5 28. Rf2 cxd4 29. Rxc8+ Nxc8 30. Rxa2 {and it is not that easy for White to convert this position into a win.} Nf8 31. Nc4 $14 {and a long battle awaits.} ({White cannot really take the  on d4. For example} 31. Rd2 Ne6 32. Nc2 $6 Nd6 $1 33. Nxd4 $2 Ne4 $17 {[%csl Rd1,Rd3,Re2][%cal Ge4g3,Ge4f2]})) 28. Ne6 Rd2 ({Black should have pushed the  away with} 28... Rd6 $142 $16) 29. Rc3 (29. Rxc7 Bxb3 30. Rg7+ Kh8 31. Rff7 Bxe6 32. Rxh7+ Kg8 33. Rhg7+ Kh8 34. Rxb7 Bd5 (34... Nb5 35. Nxb5 axb5 36. Rxg6 $16) 35. Rh7+ Kg8 36. Rbg7+ Kf8 37. Rxg6 $18) 29... Re2 (29... Nc6 30. Rcf3 {[%cal Gf3f8]} h5 31. Rf7 Nce5 32. Rg7+ Kh8 33. Nc4 $18) 30. Nf4 (30. Rf6 $18 {[%cal Gc3f3,Gf6f8] was simpler, forcing Black to give up another exchange to avoid the threatened mate with cf3 followed by f8.}) 30... Rb2 31. Nxg6 hxg6 32. Rxc7 Rxb3 $2 (32... Bxb3 33. Rf6 $18 (33. Rxb7 Nb5 34. Rb1 Rxb1+ 35. Nxb1 $16)) ({A better fighting chance was} 32... Nc6 33. Re1 (33. Rf6 $5 Rxb3 34. Rxg6+ Kf8 35. Nc2 $16 {[%csl Gg2]}) (33. Rxb7 Rxb3 34. Rxb3 Bxb3 35. Rf6 Ne5 36. Rxa6 $16) 33... Kf8 34. Nc4 Rxb3 35. Nd6 {[%cal Ge1e8]} Rb1 36. Rxb1 Bxb1 37. Nxb7 $16 {[%cal Gb7c5,Gc5a6,Gc5e6]}) 33. Rd1 {[%cal Gd1d8]} Nc6 34. Rdd7 {[%cal Gc7c8] A fine victory for Jon Ludwig Hammer who kept up the pressure all through the game. From Carlsen's viewpoint, bad luck, bad form, the pressure of the home crowd and a final round against his own Second, everything went wrong for the Champion in this tournament. He is mortal, after all. The next event will be a test of his character and it will be no surprise if he comes out fighting with a vengeance.} 1-0

[Event "Sinquefield Cup 3rd"]
[Site "Saint Louis"]
[Date "2015.08.31"]
[Round "8"]
[White "Carlsen, Magnus"]
[Black "Nakamura, Hikaru"]
[Result "1/2-1/2"]
[WhiteElo "2853"]
[BlackElo "2814"]
[Annotator "Wagner,Dennis"]
[PlyCount "190"]
[EventDate "2015.08.23"]
[EventType "tourn"]
[EventRounds "9"]
[EventCountry "USA"]
[EventCategory "22"]
[SourceTitle "CBM 168"]
[Source "ChessBase"]
[SourceDate "2015.09.14"]
[SourceVersion "1"]
[SourceVersionDate "2015.09.14"]
[SourceQuality "1"]
[TimeControl "40/7200:3600+30"]

{The day before Carlsen had lost an unbelievable game against Grischuk. After losing his objectivity in a completely equal position he had to suffer for a long time in an ending a pawn down. Nakamura on the other hand was outplayed by Aronian after unconvincing preparation in a Spanish line.} 1. d4 {[%emt 0:00:03]} d5 {[%emt 0:00:10] I was following the live commentary where former World Champion Garry Kasparov joined Yasser Seirawan and Jennifer Shahade in the commentary room. When asked which opening he would have recommended Nakamura against Carlsen he immediately responded: King's Indian, of course!} (1... Nf6 $1 2. c4 g6 3. Nc3 Bg7 $1) 2. c4 {[%emt 0:00:06]} e6 {[%emt 0:00:03]} 3. Nc3 {[%emt 0:00:07]} Be7 {[%emt 0:00:04] But instead Nakamura goes for the solid Queen's Gambit, a decent opening of course, but in the specific tournament situation I would tend to agree with Kasparov. After his loss on the previous day it would have been more unpleasant for Carlsen to face concrete problems in a sharp line, where on top of that it's easier for Nakamura to unfold his full potential.} 4. Bf4 {[%emt 0:01:23]} Nf6 {[%emt 0:00:16]} 5. e3 {[%emt 0:00:10]} O-O {[%emt 0:00:29]} 6. a3 $5 {[%emt 0:00:22] The main point of this line is to prevent 6...bd7, so 6...b6 is considered the right reply now, because a3 is not that useful in the b6-setup.} c5 {[%emt 0:08:20] A risky choice, because Carlsen has lots of experience in this line with both colours.} (6... b6 $1) (6... Nbd7 $6 7. Nb5 $1) 7. dxc5 {[%emt 0:00:11]} Bxc5 {[%emt 0:00:07]} 8. Nf3 {[%emt 0:00:06]} Nc6 {[%emt 0:00:56]} 9. Qc2 {[%emt 0:00:37]} Qa5 {[%emt 0:21:02]} (9... Re8 {was played by Carlsen himself in his last World Championship match with Anand.} 10. Bg5 Be7 11. Rd1 Qa5 12. Bd3 h6 13. Bh4 dxc4 14. Bxc4 a6 15. O-O b5 16. Ba2 Bb7 17. Bb1 Rad8 18. Bxf6 Bxf6 19. Ne4 Be7 20. Nc5 Bxc5 21. Qxc5 b4 $11 {1/2 (41)-1/2 (41) Anand, V (2792)-Carlsen,M (2863) Sochi 2014}) 10. Rd1 {[%emt 0:00:13]} Be7 {[%emt 0:01:43]} 11. Be2 {[%emt 0:00:22]} Ne4 {[%emt 0:02:11] I wonder what went wrong with Nakamura's preparation, because this line is considered dubious already for quite a long time.} (11... dxc4 12. Bxc4 Nh5 {is another line, where White gets a small plus.}) 12. cxd5 {[%emt 0:01:39]} Nxc3 {[%emt 0:00:16]} 13. Qxc3 {[%emt 0:00:07]} (13. bxc3 $5 {seems also pleasant for White.} exd5 14. O-O Bf6 15. c4 Be6 16. Bg5 dxc4 17. Bxf6 gxf6 18. Bxc4 Qc5 19. Rc1 Qxc4 20. Qxc4 Bxc4 21. Rxc4 $16 {1-0 (37) Giri,A (2752)-Kasimdzhanov,R (2700) Rosmalen 2014}) 13... Qxc3+ {[%emt 0:00:15]} 14. bxc3 {[%emt 0:00:03]} exd5 {[%emt 0:00:10]} 15. Rxd5 {[%emt 0:00:05]} Bxa3 {[%emt 0:04:29]} 16. Nd4 $1 {[%emt 0:00:52] A strong centralization move} Nxd4 {[%emt 0:03:50]} (16... a5 {is the other move that has been played here.} 17. Rb5 (17. Kd2 $5 a4 18. Kc2 Be7 19. Bf3 $14) 17... a4 18. Kd2 Be7 19. Ra1 Ra7 20. Bg5 f6 21. Bf4 Rd8 22. Bc7 Re8 23. Bb6 Ra8 24. Bc4+ Kf8 25. Ne6+ Bxe6 26. Bxe6 Bd6 27. Bd5 $16 {1-0 (41) Sokolov,I (2657)-Meier,G (2608) Budva 2009}) 17. exd4 {[%emt 0:00:13]} b6 {[%emt 0:05:32]} 18. Kd2 $14 {[%emt 0:03:18] It's time to make a cut and evaluate the position that has arisen. White has a protected passed pawn in the centre, while Black has one on the a-file. The White king is centralized and his other pieces are also active. Black on the other hand has an awkward piece placement. Especially his bishops are struggling to find good spots, as will also be demonstrated by the game later on. All in all White has a pretty decent and riskfree advantage, normally a dream position for our World Champion.} Be6 {[%emt 0:10:29]} 19. Rb5 {[%emt 0:00:14]} Bd7 {[%emt 0:00:11]} 20. Rb3 {[%emt 0:03:19]} Be7 {[%emt 0:00:02]} 21. Bf3 {[%emt 0:05:04]} Ba4 {[%emt 0:06:33] The other bishop has emerged to the edge of the board.} (21... Rac8 22. Ra1 $18 {loses already a pawn!}) 22. Rb2 {[%emt 0:00:49]} Rad8 {[%emt 0:00:04]} 23. Ra1 $146 {[%emt 0:07:42]} ({RR} 23. Re1 Bc5 24. Ra1 b5 25. Bc7 Rc8 26. Ba5 Bd6 27. g3 Rb8 28. c4 Be7 29. c5 Bf6 30. Kd3 Rbc8 31. c6 Bd8 32. Bb4 Bc7 33. Bxf8 Kxf8 34. Bd1 Bxd1 35. Rxd1 Rb8 36. Rdb1 a6 37. Re2 a5 {Kubik,M (2178)-Jaworski,M (2288) Ostrava 2015 ½-½ (66)}) 23... b5 {[%emt 0:00:06] The only way to prevent losing material, but now Black has built a cage for his own bishop.} 24. Bc6 {[%emt 0:12:46]} a6 {[%emt 0:00:07]} 25. Bb7 {[%emt 0:09:42]} Bd6 {[%emt 0:00:22]} 26. Be3 {[%emt 0:00:23]} a5 {[%emt 0:01:30]} 27. Bc6 {[%emt 0:00:37] logical and efficient play so far. The weak pawns are attacked and become even weaker by advancing.} Rb8 {[%emt 0:01:07]} 28. d5 $18 {[%emt 0:00:44]} Rfd8 {[%emt 0:07:30]} (28... Be5 {[%cal Gb5b4]} 29. f4 Bf6 30. Kd3 $18 {is no better.}) 29. Kd3 {[%emt 0:00:34] White is in full control!} Bf8 {[%emt 0:03:41]} 30. Bd4 {[%emt 0:01:35]} f6 {[%emt 0:01:47]} 31. Ke4 {[%emt 0:07:14]} Bd6 {[%emt 0:09:18]} 32. c4 $6 {[%emt 0:01:49] This is not the kind of technical play to which we are accustomed from Magnus. Although this is winning there was no need to hurry.} ({Instead the position could have been improved slowly but surely with e.g.} 32. g3 $5 $18 {[%cal Gf2f4] intending to improve the position to the maximum, before c4 is carried out. Black can't do anything.}) 32... Bb4 {[%emt 0:00:33]} 33. Ba7 {[%emt 0:04:40]} f5+ $1 {[%emt 0:06:37] Nakamura is always capable of finding some tricks to create problems for his opponent.} 34. Kf3 {[%emt 0:01:41]} Rbc8 {[%emt 0:02:42]} 35. cxb5 {[%emt 0:05:04]} Bxb5 {[%emt 0:00:12]} 36. Bxb5 {[%emt 0:00:08]} Bc3 {[%emt 0:00:04]} 37. Rab1 {[%emt 0:01:20]} (37. Rba2 Bxa1 38. Rxa1 Rxd5 39. Rxa5 $1 Kf8 40. Bb6 Rb8 41. Bc4 Rxa5 42. Bxa5 $18 {should be winning for White, but there is still some technical work ahead of him. I give a sample line to illustrate how play may continue. White has to display some accuracy to break down Black's defence.} g6 43. Bd2 Kg7 44. Bc3+ Kf8 45. Ke3 Rc8 46. Kd4 Re8 47. g3 Kg7 48. h4 Kh6 49. Bb5 Re6 50. Kd5 Re7 51. Kd6 Rb7 (51... Re4 52. f3 $1 $18 {pretty domination!}) 52. Be2 Ra7 53. Bd4 Ra4 54. Be3+ Kg7 55. Bb5 Re4 56. Bc6 Rb4 57. Ke7 Rc4 58. Bd5 Ra4 59. Bd2 Ra3 60. Bb4 Ra7+ 61. Ke8 h5 (61... Ra6 62. Bc3+ Kh6 63. Kf8 $18) 62. Bc3+ Kh6 63. Kf8 Rc7 64. Bd4 Rc8+ 65. Kf7 Kh7 66. Be3 Rc3 67. Kf6 Ra3 68. Kg5 Ra6 69. Bf4 Rb6 70. Bf7 Kg7 71. Bc4 Kh7 72. Be5 Rb7 73. f3 Ra7 74. Kf6 Kh6 (74... Rb7 75. Bf7 Rb6+ 76. Kg5 $18) 75. Bc3 Rc7 76. Bd2+ Kh7 77. Bf7 Rc6+ 78. Kg5 Kg7 (78... f4 79. Bxf4 (79. g4 $5 $18) 79... Kg7 80. Bxg6 Rxg6+ 81. Kxh5 $18) 79. Be8 $18 Ra6 80. Bc3+ Kh7 81. Bf6 $18) 37... Bxb2 {[%emt 0:00:05]} 38. Rxb2 {[%emt 0:00:04]} Rxd5 {[%emt 0:00:04]} 39. Be3 $2 {[%emt 0:00:40] This doesn't make any sense. Maybe Magnus just blundered 39...b8, because afterwards I saw him shaking his head in frustration on the livestream.} (39. Ba4 $1 $18 {It's obvious that White should prevent a rook exchange.} Rc3+ 40. Ke2 Re5+ 41. Kd2 Rc8 42. Rb7 Kf8 43. Be3 Rc4 44. Bb3 Rb4 45. Rxb4 axb4 46. Kd3 $18) 39... Rb8 {[%emt 0:01:21]} 40. Bc4 {[%emt 0:00:00]} Rxb2 {[%emt 0:00:00]} 41. Bxd5+ {[%emt 0:00:12]} Kh8 {[%emt 0:00:00] White could have achieved the same position without the black a-pawn! Although he has still winning chances this makes quite a huge difference. Especially from a psychological point of view White's chances of success have dramatically decreased.} 42. Bd4 {[%emt 0:05:06]} Rb1 {[%emt 0:05:54]} 43. Ke2 {[%emt 0:12:22]} a4 {[%emt 0:02:20]} 44. g3 {[%emt 0:00:56]} a3 {[%emt 0:08:56]} 45. Kd2 {[%emt 0:01:21]} h5 {[%emt 0:02:29]} 46. h4 {[%emt 0:06:57]} Kh7 {[%emt 0:01:18]} 47. Bc4 {[%emt 0:09:31]} g6 {[%emt 0:09:32]} 48. Kc2 {[%emt 0:04:30]} Re1 {[%emt 0:05:08]} (48... Rb8 $5 {It's not clear how White makes progress against this setup either. The rook cuts the king from the a-pawn.}) 49. Be3 {[%emt 0:02:43]} (49. Kb3 $2 a2 $19) (49. Bc5 f4 $1 50. Bxa3 (50. gxf4 Re4) 50... fxg3 51. fxg3 Re8 {is like the game.}) 49... f4 $1 {[%emt 0:00:33] a good pawn exchange!} 50. Bxf4 {[%emt 0:07:23]} (50. gxf4 Rh1 $132) 50... a2 {[%emt 0:00:06]} 51. Bxa2 {[%emt 0:00:06]} Re2+ {[%emt 0:00:02]} 52. Kb3 {[%emt 0:00:26]} Rxf2 {[%emt 0:00:04] This is already a convincing fortress! A major problem for White is that Black sometimes has the possibility to sacfrice his rook for the dark-squared bishop if he manages to exchange g-pawns afterwards.} 53. Bb1 {[%emt 0:00:07]} Re2 {[%emt 0:01:01]} 54. Kc4 {[%emt 0:00:09]} Kg7 {[%emt 0:00:27]} 55. Kd5 {[%emt 0:00:24]} Re1 {[%emt 0:04:59]} 56. Bc2 {[%emt 0:01:14]} Re2 {[%emt 0:01:53]} 57. Bd3 {[%emt 0:00:46]} Re1 {[%emt 0:00:47]} 58. Be4 {[%emt 0:02:03]} (58. Be5+ Kh7 59. Ke6 {White cannot make progress this way, because Black can solve his problems radically:} Kh6 $1 60. Kf6 Rxe5 $1 61. Kxe5 g5 $1 $11 62. hxg5+ Kxg5 63. Be2 h4 64. g4 h3 $11) 58... Rd1+ {[%emt 0:01:31]} 59. Ke5 {[%emt 0:00:37]} Re1 {[%emt 0:00:35]} 60. Bd2 {[%emt 0:01:04]} Re2 {[%emt 0:02:01]} 61. Bc3 {[%emt 0:01:04]} Kh6 {[%emt 0:01:01]} 62. Bb4 {[%emt 0:01:57]} Rf2 {[%emt 0:01:25] White is unable to cross the f-file.} 63. Bc5 {[%emt 0:00:24]} Rf1 {[%emt 0:00:18]} 64. Bb4 {[%emt 0:01:29]} Rf2 {[%emt 0:01:16]} 65. Be7 {[%emt 0:02:02]} Rf1 {[%emt 0:01:21]} 66. Bf6 {[%emt 0:04:15]} Rg1 {[%emt 0:01:52]} 67. Bg5+ {[%emt 0:02:29]} Kg7 {[%emt 0:00:05]} 68. Bf4 {[%emt 0:00:45]} Re1 {[%emt 0:00:04]} 69. Kd5 {[%emt 0:00:09]} Rd1+ {[%emt 0:01:22]} 70. Ke6 {[%emt 0:00:44]} Re1 {[%emt 0:00:07]} 71. Ke5 {[%emt 0:00:07] I think about here Nakamura claimed a draw on a three-fold-repetition. The position has indeed been reached for a third time, but while now it's Black´s turn to move, in the earlier versions it was White to move. So after adding some extra time to Magnus' clock the game continued.} Re2 {[%emt 0:00:33]} 72. Kd5 {[%emt 0:00:00]} Re1 {[%emt 0:01:02]} 73. Bd3 {[%emt 0:00:00]} Kh7 {[%emt 0:02:41]} 74. Kd4 {[%emt 0:00:00]} Kg7 {[%emt 0:00:19]} 75. Be3 {[%emt 0:00:00]} Ra1 {[%emt 0:03:14]} 76. Ke4 {[%emt 0:00:00]} Ra4+ {[%emt 0:03:16]} 77. Kf3 {[%emt 0:00:03]} Ra3 {[%emt 0:00:34]} 78. Bb5 {[%emt 0:00:24]} Rb3 {[%emt 0:00:23]} 79. Be8 {[%emt 0:00:10]} Rb1 {[%emt 0:00:36]} 80. Bc6 {[%emt 0:02:12]} Rb4 {[%emt 0:01:10]} 81. Bd2 {[%emt 0:02:24]} Rb6 {[%emt 0:00:24]} 82. Bc3+ {[%emt 0:00:20]} Kh6 {[%emt 0:00:14]} 83. Bd5 {[%emt 0:00:06]} Rb1 {[%emt 0:00:58]} 84. Kf4 {[%emt 0:01:26]} Rf1+ {[%emt 0:02:44]} 85. Ke5 {[%emt 0:00:08]} Rg1 {[%emt 0:04:57]} 86. Bd2+ {[%emt 0:04:47]} Kg7 {[%emt 0:00:01]} 87. Bf4 {[%emt 0:00:13]} Re1+ {[%emt 0:00:23]} 88. Kd6 {[%emt 0:00:20]} Kf6 {[%emt 0:00:02]} 89. Bf3 {[%emt 0:04:34] This allows Black to end his suffering:} (89. Bc6 Rd1+ $11) 89... Kf5 $1 {[%emt 0:00:55]} 90. Kd5 {[%emt 0:00:08]} Rf1 {[%emt 0:00:31]} 91. Be4+ {[%emt 0:01:04]} Kg4 {[%emt 0:00:50]} 92. Bxg6 {[%emt 0:00:35]} Rxf4 {[%emt 0:00:06]} 93. gxf4 {[%emt 0:00:08]} Kxf4 {[%emt 0:00:03]} 94. Bxh5 {[%emt 0:00:17]} Kg3 {[%emt 0:00:05]} 95. Bd1 {[%emt 0:00:07]} Kxh4 {Very tenacious defence by Nakamura and another disappointment for Carlsen. In my opinion it's only a matter of time, till Carlsen finds back his form. In an interview during this game Garry Kasparov was asked whom he saw as the biggest threat to Carlsen recently. His answer was telling: Magnus Carlsen!} 1/2-1/2

[Event "EU-chT (Men) 20th"]
[Site "Reykjavik"]
[Date "2015.11.20"]
[Round "7.1"]
[White "Carlsen, Magnus"]
[Black "Papaioannou, Ioannis"]
[Result "1/2-1/2"]
[WhiteElo "2850"]
[BlackElo "2638"]
[PlyCount "81"]
[EventDate "2015.11.13"]
[EventType "team-swiss"]
[EventRounds "9"]
[EventCountry "ISL"]
[SourceTitle "CBM 170"]
[Source "ChessBase"]
[SourceDate "2016.01.15"]
[SourceVersion "1"]
[SourceVersionDate "2016.01.15"]
[SourceQuality "1"]
[WhiteTeam "Norway"]
[BlackTeam "Greece"]
[WhiteTeamCountry "NOR"]
[BlackTeamCountry "GRE"]
[WhiteClock "1:22:32"]
[BlackClock "1:15:31"]

1. d4 Nf6 2. c4 e6 3. Nf3 Bb4+ 4. Bd2 Qe7 5. g3 Bxd2+ 6. Qxd2 Nc6 7. e3 d5 8. Bg2 dxc4 9. O-O e5 10. Nxe5 Nxe5 11. dxe5 Qxe5 12. Na3 O-O 13. Nxc4 Qe7 14. Rac1 $146 ({RR} 14. Qc2 c6 15. e4 Rd8 16. Ne3 Ng4 17. Nxg4 Bxg4 18. f4 Rd4 19. h3 Be6 20. Rad1 Rad8 21. Rxd4 Rxd4 22. Rd1 Qd8 23. Rxd4 Qxd4+ 24. Kh2 f6 25. a3 c5 26. Qe2 b6 27. Qb5 Qd7 28. Qxd7 Bxd7 {Horcajuelo Rocamora,M (2295)-Alfaya Marcelo,R (2259) Linares ESP 2024 ½-½ (55)}) ({RR} 14. Qc3 c6 15. a4 Be6 16. e4 Qc5 17. Na5 Qb6 18. b4 Rad8 19. Rad1 h6 20. h3 Rfe8 21. Qc5 Qa6 22. Qc2 Qb6 {½-½ (22) Lekic,D (2357)-Chernov,V (2393) Baden 2017}) 14... Rd8 15. Qa5 c6 16. b4 Be6 17. Qc5 Qxc5 18. bxc5 Nd7 19. Na5 Rab8 20. a4 g6 21. h3 Nxc5 22. Rxc5 b6 23. Rxc6 bxa5 24. Rc5 Rd2 25. Rxa5 Rbb2 26. Rc5 Ra2 27. a5 Ra3 28. g4 Rda2 29. Bd5 Bxd5 30. Rxd5 Rxa5 31. Rfd1 Rxd5 32. Rxd5 h6 33. Kg2 a5 34. h4 Kg7 35. h5 g5 36. Kf3 Ra4 37. Rc5 Kf6 38. Rc6+ Kg7 39. Ra6 Kh7 40. Kg3 Ra3 41. Kg2 1/2-1/2